|
|
|
|
| LEADER |
00000nam0a2200000 4500 |
| 001 |
127924 |
| 005 |
20231101220102.0 |
| 035 |
|
|
|a (RuTPU)RU\TPU\book\138376
|
| 090 |
|
|
|a 127924
|
| 100 |
|
|
|a 20071221d1980 k y0rusy50 ca
|
| 101 |
1 |
|
|a rus
|c eng
|
| 102 |
|
|
|a RU
|
| 105 |
|
|
|a y z 001zy
|
| 200 |
1 |
|
|a Последняя теорема Ферма. Генетическое введение в алгебраическую теорию чисел
|e пер. с англ.
|f Г. Эдвардс
|
| 210 |
|
|
|a Москва
|c Мир
|d 1980
|
| 215 |
|
|
|a 487 с.
|
| 320 |
|
|
|9 572
|a Библиогр.: с. 472-476
|
| 320 |
|
|
|9 572
|a Указ.: с. 477-478
|
| 606 |
1 |
|
|a Ферма теорема
|2 stltpush
|3 (RuTPU)RU\TPU\subj\63555
|9 80546
|
| 610 |
1 |
|
|a математика
|
| 610 |
1 |
|
|a алгебра
|
| 610 |
1 |
|
|a квадратичные поля
|
| 610 |
1 |
|
|a арифметика
|
| 610 |
1 |
|
|a теорема Куммера
|
| 610 |
1 |
|
|a теорема Эйлера
|
| 610 |
1 |
|
|a числа
|
| 610 |
1 |
|
|a натуральные числа
|
| 610 |
1 |
|
|a доказательство
|
| 675 |
|
|
|a 511.34
|v 3
|
| 700 |
|
1 |
|a Эдвардс
|b Г.
|
| 801 |
|
1 |
|a RU
|b 63413507
|c 20070418
|g PSBO
|
| 801 |
|
2 |
|a RU
|b 63413507
|c 20210410
|g PSBO
|
| 942 |
|
|
|c BK
|